Datum a čas kvízu
19
Celkem bodů
Celkový počet nahraných bodů na tomto kvízu bez doplňovacích otázek.
8.
Pořadí na kvízu
Konečné umístění týmu na tomto kvízu.
Zaznamenané odpovědi
| # | Otázka | Odpověď | Body | Výsledky |
|---|---|---|---|---|
| 1. | Ve středu do toho „praštil“ da... | Lucie Šafářová, Tomáš Plekanec | 1 | |
| 2. | V neděli se konaly volby do ně... | Armin Laschet | 0 | |
| 3. | Herec Daniel Craig získal v br... | fregatní kapitán | 0 | |
| 4. | Čínská centrální banka v pátek... | kryptoměnové transakce | 0 | |
| 5. | V sobotu se na fotbalovém stad... | Oleksandr Usyk, Anthony Joshua | 0 | |
| 6. | V pátém díle našeho cestovatel... | Brdská vrchovina (Brdy) | 0 | |
| 7. | Jedním z nejnavštěvovanějších... | V gotickém slohu. | 1 | |
| 8. | Důležitým průmyslovým centrem... | Laurin a Klement | 1 | |
| 9. | Středočeský kraj je spojen ta... | Bobeš | 0 | |
| 10. | V tomto kraji najdeme také spo... | V Dobříši. | 0 |